Histroy of philosophy: greece and rome part 11 (Record no. 173938)
[ view plain ]
| 000 -LEADER | |
|---|---|
| fixed length control field | 00571nam a2200217Ia 4500 |
| 003 - CONTROL NUMBER IDENTIFIER | |
| control field | OSt |
| 005 - DATE AND TIME OF LATEST TRANSACTION | |
| control field | 20250724194645.0 |
| 008 - FIXED-LENGTH DATA ELEMENTS--GENERAL INFORMATION | |
| fixed length control field | 210423s1963 xx 000 0 und d |
| 040 ## - CATALOGING SOURCE | |
| Transcribing agency | AL |
| 041 ## - LANGUAGE CODE | |
| Language code of text/sound track or separate title | English |
| 082 ## - DEWEY DECIMAL CLASSIFICATION NUMBER | |
| Classification number | 100 |
| Item number | COPH |
| 100 ## - MAIN ENTRY--PERSONAL NAME | |
| Personal name | Frederick Copleston |
| 9 (RLIN) | 122338 |
| 245 ## - TITLE STATEMENT | |
| Title | Histroy of philosophy: greece and rome part 11 |
| 260 ## - PUBLICATION, DISTRIBUTION, ETC. | |
| Name of publisher, distributor, etc. | State Resource Centre |
| Date of publication, distribution, etc. | 1963 |
| 300 ## - PHYSICAL DESCRIPTION | |
| Extent | 310p. |
| Other physical details | PB |
| Dimensions | 18x10.5cm. |
| 365 ## - TRADE PRICE | |
| Currency code | INR |
| 440 ## - SERIES STATEMENT/ADDED ENTRY--TITLE | |
| Volume/sequential designation | 4 |
| 650 ## - SUBJECT ADDED ENTRY--TOPICAL TERM | |
| Topical term or geographic name entry element | Philosophy |
| 9 (RLIN) | 122339 |
| 906 ## - LOCAL DATA ELEMENT F, LDF (RLIN) | |
| a | 11. ; greece ; Histroy ; philosophy: ; rome |
| 942 ## - ADDED ENTRY ELEMENTS (KOHA) | |
| Source of classification or shelving scheme | Dewey Decimal Classification |
| Koha item type | Book |
| Withdrawn status | Lost status | Damaged status | Not for loan | Collection code | Home library | Current library | Date acquired | Total Checkouts | Full call number | Barcode | Date last seen | Price effective from | Koha item type |
|---|---|---|---|---|---|---|---|---|---|---|---|---|---|
| MSW | St Aloysius PG Library | St Aloysius PG Library | 06/10/2004 | 100 COPH | PG020590 | 08/24/2022 | 04/26/2021 | Book |